| 000 | 01809nam0a2200337 4500 | ||
|---|---|---|---|
| 001 | RU\NLR\bibl\1656859 | ||
| 005 | 20260408155258.0 | ||
| 010 |
_a978-5-93216-354-2 _950 |
||
| 021 |
_aRU _b2010-45005 _93011 |
||
| 035 | _a(NLR Aleph) 001648159 | ||
| 090 |
_a904658 _c904658 |
||
| 100 | _a20100720d2010 u y0rusy50 ca | ||
| 101 | 0 | _arus | |
| 102 | _aRU | ||
| 105 | _aa ||||||||| | ||
| 200 | 1 |
_aСборник научных трудов бакалавров, специалистов, магистрантов факультета зимних видов спорта и единоборств, посвященный 40-летию Уральского государственного университета физической культуры _fФедер. гос. образоват. учреждение высш. проф. образования "Урал. гос. ун-т физ. культуры", Фак. зим. видов спорта и единоборств |
|
| 210 |
_aЧелябинск _cУралГУФК _d2010 |
||
| 215 |
_a87 с. _cил. _d20 |
||
| 320 | _aБиблиогр. в конце тр. | ||
| 606 | 1 |
_aЗимний спорт _jСборники _91196605 _3RU\NLR\auth\66165786 |
|
| 606 |
_aЕдиноборства (спорт.) _jСборники _91178623 _3RU\NLR\auth\66156300 |
||
| 686 | 1 | _aЧ517.19я43 | |
| 686 | 1 | _aЧ517.15/16я43 | |
| 686 | 1 | _aЦ4,5(0)361.12 | |
| 710 | 0 | 2 |
_aУральский государственный университет физической культуры _bФакультет зимних видов спорта и единоборств _cЧелябинск _9772267 _3RU\NLR\AUTH\8810138468 |
| 801 | 0 |
_aRU _bNLR _c20100720 _gRCR |
|
| 801 | 1 |
_aRU _bNLR _c20100720 |
|
| 942 | _cBOOK | ||
| 980 | _aNB | ||